| 000 | 00000nas 2200000za 4500 |
| 001 | 9.503317 |
| 003 | CaOODSP |
| 005 | 20231123085002 |
| 007 | cr ||||||||||| |
| 008 | 150406c1999||||xxc|| p o||||f| |0fre|d |
| 022 | |a1495-3439 |
| 040 | |aCaOODSP|bfre |
| 043 | |an-cn--- |
| 086 | 1 |aE74-88F-PDF |
| 110 | 1 |aCanada. |bAffaires étrangères et commerce international Canada. |
| 210 | 0 |aOuvert. monde prior. Can. matière accès marchés int. |b(En ligne) |
| 222 | 0|aOuverture sur le monde, priorités du Canada en matière d'accès aux marchés internationaux |b(En ligne) |
| 240 | 10|aOuverture sur le monde, priorités du Canada en matière d'accès aux marchés internatioanux (En ligne) |
| 245 | 10|aOuverture sur le monde, priorités du Canada en matière d'accès aux marchés internationaux |h[ressource électronique]. |
| 246 | 3 |aPriorités du Canada en matière d'accès aux marchés internationaux |
| 260 | |a[Ottawa] : |bMinistère des affaires étrangères et du commerce international, |
| 310 | |aAnnuel |
| 362 | 0 |a1999-2003. |
| 500 | |aPubl. aussi en anglais sous le titre : Opening doors to the world, Canada's international market access priorities. |
| 691 | 07|aCommerce extérieur|2gcpds |
| 775 | 08|tOpening doors to the world, Canada's international market access priorities |w(CaOODSP)9.506922 |
| 785 | 00|tOuverture sur le monde, priorités du Canada en matière d'accès aux marchés internationaux |w(CaOODSP)9.503318 |